00389nam a2200145Ia 450000500170000000800460001703700120006304000200007504100130009508400210010810000240012924500300015326000460018330000140022920250508152944.0008 250505s9999 xx 000 0 eng d aTextual aFEDLbengcFEDL aeng2eng a975.8, LANqFEDL aLang David Marshall 0aModern history of Georgia aLondon, UKbWeidenfeld and Nicolsonc1962 axiv,298p.